Cargando...
Neem
| Autor Principal: | |
|---|---|
| Formato: | Printed Book |
| Publicado: |
Indian Central Oilseeds Committee, Hyderabad
1963
|
| Subjects: |
| LEADER | 00468nam a2200193 4500 | ||
|---|---|---|---|
| 020 | |||
| 082 | |a 583.77 MIT-N | ||
| 100 | |a Mitra, C R | ||
| 245 | |a Neem | ||
| 250 | |||
| 260 | |a Indian Central Oilseeds Committee, Hyderabad |c 1963 | ||
| 300 | |||
| 490 | |||
| 500 | |||
| 590 | |a PJ | ||
| 650 | |a Neem-Botany | ||
| 942 | |c BK | ||
| 999 | |c 90662 |d 90662 | ||
| 952 | |0 0 |1 0 |4 0 |6 583_770000000000000_MITN |7 0 |9 104130 |a ZGY |b ZGY |l 0 |o 583.77 MIT-N |p ZGY03199 |r 2019-09-25 |w 2019-09-25 |y BK | ||